| 000 | 00559nam a2200133Ia 4500 | ||
|---|---|---|---|
| 008 | 171212s9999 xx 000 0 und d | ||
| 020 | _a9781760461331 | ||
| 245 |
_ceditor Hermkens, Anna-Karina;Lepani, Katherine _aSinuous Objects _bRevaluing Women’s Wealth in the Contemporary Pacific |
||
| 260 |
_bANU E Press _c2017 |
||
| 440 | _aPacific Series | ||
| 650 | _aAnthropology | ||
| 650 | _aWomen -- Pacific Area -- Social conditions; Pacific Area -- Social life and customs; Oceania -- Social life and customs | ||
| 856 | _uhttp://jstor.org/stable/j.ctt1vw0p47 | ||
| 999 |
_c351312 _d351312 |
||